Polskie imię męskie kończące się na „-an". - Statystyki

Ogólne statystyki
  • Ten quiz został rozwiązany 208 razy
  • Średni wynik to 4 z 12
Statystyki odpowiedzi
Odpowiedź % Poprawnych
Jan
58%
Marian
58%
Damian
46%
Krystian
36%
Krystian
36%
Sebastian
32%
Julian
27%
Roman
25%
Stefan
25%
Dorian
20%
Gracjan
19%
Maksymilian
11%
Nie znaleziono quizów pasujących do podanych kryteriów
Rozkład punktacji
Procent ludzi z każdym wynikiem
Percentyl według liczby udzielonych odpowiedzi
Twoja historia wyników
Nie rozwiązałeś tego quizu